| 000 | 01025nac a22002531u 4500 | ||
|---|---|---|---|
| 010 | _a 97026059 | ||
| 020 | _a0521352223 (hardback) | ||
| 082 | 0 | 0 |
_a620.192 _bBRI |
| 090 |
_c7625 _d7625 |
||
| 100 | _aBriggs, D. | ||
| 245 | 1 | 0 |
_aSurface analysis of polymers by XPS and static SIMS / _cD. Briggs. |
| 260 |
_aCambridge, U.K. ; _aNew York : _bCambridge University Press,c.1998. _cc.1998. |
||
| 300 |
_axiv, 198 p. : _bill. ; _c26 cm. |
||
| 440 | 0 | _aCambridge solid state science series | |
| 500 | _aDistributer:Al-Ahram. | ||
| 504 | _aIncludes bibliographical references (p. 190-193) and index. | ||
| 511 | _aCatalogued by: Mahitab. | ||
| 650 | 0 |
_aPolymers _xSurfaces _xAnalysis. |
|
| 650 | 0 | _aX-ray spectroscopy. | |
| 650 | 0 | _aSecondary ion mass spectrometry. | |
| 856 | 4 | 2 |
_3Publisher description _uhttp://www.loc.gov/catdir/description/cam028/97026059.html |
| 856 | 4 | 2 |
_3Table of contents _uhttp://www.loc.gov/catdir/toc/cam022/97026059.html |
| 942 |
_cBB _k620.192BRI |
||
| 999 |
_c7625 _d7625 |
||